| 000 | 01235naa a22003497a 4500 | ||
|---|---|---|---|
| 001 | BR6800335 | ||
| 003 | BR-BrBNA | ||
| 005 | 20240918173328.0 | ||
| 007 | ta | ||
| 008 | 230509b bl.||||| |||| 00| 0 por d | ||
| 040 |
_aBR-BrBNA _bpor _cBiblioteca Nacional de Agricultura |
||
| 041 | _a(Pt) | ||
| 072 |
_aK10; F25 _b3240 _b3901 _b3810 _b3820 _b3830 _bG514 |
||
| 090 | _aK10 BR6800335 | ||
| 100 | 1 | _aAnon. | |
| 111 | 1 |
_aCongresso Florestal Brasileiro _cCuritiba, PR (Brazil) _d20 Oct 1968 |
|
| 245 | 1 | _aEfeito da fertilizacao sobre as qualidades da madeira [Eucalyptus saligna; Adubacao; Dendrometria; NPK; Brasil] | |
| 260 | 3 |
_aCuritiba, PR (Brasil): _c1968. |
|
| 500 | _aAnais do Congresso Florestal Brasileiro Curitiba, PR (Brasil): 1968. p. 227-233 (BR6800335-AM)K10 | ||
| 650 | _aProducao florestal | ||
| 650 | _aFertilidade do solo | ||
| 650 | _aEucalipto | ||
| 650 | _aMadeira | ||
| 650 | _aAdubacao | ||
| 650 | _aFertilizante potassico | ||
| 650 | _aFertilizante nitrogenado | ||
| 650 | _aFertilizante fosfatado | ||
| 650 | _aNPK | ||
| 773 | 0 |
_tAnais do Congresso Florestal Brasileiro _wK10 BR6800335 _gCuritiba, PR (Brasil), 1968. p. 227-233 |
|
| 909 |
_a202404 _bLucia _c55 _dLucia Elande |
||
| 942 |
_cAM _2AGRIS |
||
| 999 |
_c304000 _d304000 |
||